000
002510000a22000970004500
100
1
_a
Hadley, Judith M.
245
1
0
_a
The khirbet el-Qom inscription
300
_a
Vol. 37, Num 1 (Enero, 1987), Páginas 50-62
773
0
_t
Vetus Testamentum
942
_c
ANA
999
_c
57279
_d
57279